Southville International School and Colleges
Your cart is empty.
  • Cart
  • Lists
    Public lists Eva Luna New books Lux_list list_1
    Your lists Log in to create your own lists
  • Log in to your account
  • Your cookies
  • Search history
Southville International School and Colleges
  • Advanced search
  • Recent comments
  • Most popular
  • Libraries

Log in to your account

Log in with GOOGLE


If you do not have an external account, but do have a local account, you can still log in:

  1. Home
  2. MARC view: Bible Animals; :
Normal view MARC view ISBD view

Bible Animals; : (Record no. 272216)

[ view plain ]
MARC details
000 -LEADER
fixed length control field 00761cam a22002413a 4500
001 - CONTROL NUMBER
control field 42964
003 - CONTROL NUMBER IDENTIFIER
control field PGUSA
005 - DATE AND TIME OF LATEST TRANSACTION
control field 20140828083956.0
008 - FIXED-LENGTH DATA ELEMENTS--GENERAL INFORMATION
fixed length control field 130617s2013||||xxu|||||s|||||000 | eng d
040 ## - CATALOGING SOURCE
Original cataloging agency PGUSA
Language of cataloging eng
042 ## - AUTHENTICATION CODE
Authentication code dc
100 1# - MAIN ENTRY--PERSONAL NAME
Personal name Wood, J. G.
Fuller form of name (John George),
Dates associated with a name 1827-1889
245 10 - TITLE STATEMENT
Title Bible Animals; :
Remainder of title Being a Description of Every Living Creature Mentioned in the Scripture, from the Ape to the Coral.
Medium [electronic resource] /
Statement of responsibility, etc J. G. Wood
260 ## - PUBLICATION, DISTRIBUTION, ETC. (IMPRINT)
Name of publisher, distributor, etc Project Gutenberg,
Date of publication, distribution, etc 2013
506 ## - RESTRICTIONS ON ACCESS NOTE
Terms governing access Public domain in the USA.
516 ## - TYPE OF COMPUTER FILE OR DATA NOTE
Type of computer file or data note Electronic text
700 1# - ADDED ENTRY--PERSONAL NAME
Personal name Smith, E. A.
700 1# - ADDED ENTRY--PERSONAL NAME
Personal name Keyl, W. F.
700 1# - ADDED ENTRY--PERSONAL NAME
Personal name Wood, T. W.
830 #0 - SERIES ADDED ENTRY--UNIFORM TITLE
Uniform title Project Gutenberg
Volume number/sequential designation 42964
856 40 - ELECTRONIC LOCATION AND ACCESS
Uniform Resource Identifier <a href="http://www.gutenberg.org/ebooks/42964">http://www.gutenberg.org/ebooks/42964</a>
942 ## - ADDED ENTRY ELEMENTS (KOHA)
Koha item type eBooks
Holdings
Withdrawn status Lost status Damaged status Home library Current library Date acquired Total Checkouts Date last seen Price effective from Koha item type
      Project Gutenberg Project Gutenberg 08/28/2014   08/28/2014 08/28/2014 eBooks

Bible Animals; :

APA

Wood J. G., Smith E. A., Keyl W. F. & Wood T. W. (2013). Bible Animals. : Project Gutenberg.

Chicago

Wood J G, Smith E A, Keyl W F and Wood T W. 2013. Bible Animals. : Project Gutenberg.

Harvard

Wood J. G., Smith E. A., Keyl W. F. and Wood T. W. (2013). Bible Animals. : Project Gutenberg.

MLA

Wood J G, Smith E A, Keyl W F and Wood T W. Bible Animals. : Project Gutenberg. 2013.

  • Place hold
  • Print
  • Cite
  • Add to your cart (remove)
  • Save record
    BIBTEX Dublin Core MARCXML MARC (non-Unicode/MARC-8) MARC (Unicode/UTF-8) MARC (Unicode/UTF-8, Standard) MODS (XML) RIS
  • More searches
    Search for this title in:
    Other Libraries (WorldCat) Other Databases (Google Scholar) Online Stores (Bookfinder.com) Open Library (openlibrary.org)

Exporting to Dublin Core...

SOUTHVILLE LIBRARY

Southville International School and Colleges Library

1281 Tropical Ave. Cor. Luxembourg St., BF Homes International, Las Pinas City

Tel. No. 8256374 / 252358 Loc. 117/146

Powered by Koha